Lana Del Rey - Don't Let Me Be Misunderstood - Statistics

General Stats
  • This quiz has been taken 52 times
  • The average score is 166 of 206
Answer Stats
Answer % Correct
a
100%
be
100%
do
100%
Don't
100%
don't
100%
I
100%
let
100%
me
100%
misunderstood
100%
Oh
100%
so
100%
you
100%
You
100%
I'm
96%
an
92%
please
92%
to
92%
Baby
88%
baby
88%
baby,
88%
know
88%
no
88%
now
88%
some
88%
Some
88%
just
85%
Lord
85%
my
85%
understand
85%
When
85%
With
85%
are
81%
intentions
81%
it
81%
on
81%
see
81%
sometimes
81%
Sometimes
81%
that
81%
then
81%
want
81%
And
77%
and
77%
carefree
77%
good
77%
have
77%
soul
77%
can
73%
If
73%
Life
73%
like
73%
love
73%
that's
73%
thing
73%
always
69%
But
69%
'cause
69%
Cause
69%
human
69%
its
69%
mean
69%
never
69%
one
69%
angel?
65%
hard
65%
has
65%
is
65%
I've
65%
joy
65%
little
65%
mad
65%
seem
65%
all
62%
anyone?
62%
foolish
62%
get
62%
take
62%
find
58%
goes
58%
meant
58%
more
58%
myself
58%
regretting
58%
share
58%
than
58%
whose
58%
wrong
58%
you're
58%
alone
54%
done
54%
everything
54%
out
54%
simple
54%
problems
50%
worry
50%
bad
46%
bound
46%
hide
46%
other
46%
side
46%
try
46%
edgy
42%
faults
42%
seems
42%
alive
35%
again
19%
No matching quizzes found
Score Distribution
Percent of People with Each Score
Percentile by Number Answered
Your Score History
You have not taken this quiz